000
00278nam a2200121 a 4500
008
100923s1949|||| d
100
1
_a
Fink, Viktor
245
1
0
_a
Osud Henriho Lamberta
260
_b
Tatran
_a
Bratislava
_c
1949
020
_c
85
044
_a
xo
_c
SK
041
_a
slo
999
_c
10661
_d
10661